| 000 | 00611nam a22002057a 4500 | ||
|---|---|---|---|
| 003 | BD-DhJNU | ||
| 005 | 20250320043129.0 | ||
| 008 | 250320b |||||||| |||| 00| 0 eng d | ||
| 020 | _a0205161588 | ||
| 040 |
_aBD-DhJNU _bENG _cBD-DhJNU _dBD-DhJNU |
||
| 082 |
_223 _a301 HES |
||
| 100 | _aHenslin, James M. | ||
| 245 |
_aSociology : _b a down-to-earth approach / _cJames M. Henslin |
||
| 250 | _a2nd ed. | ||
| 260 |
_a Boston : _bAllyn and Bacon, _c1995. |
||
| 300 |
_axviii, 716p. : _b ill. ; _c29 cm. |
||
| 504 | _aIncludes bibliographical references and index | ||
| 650 | _aSociology | ||
| 942 |
_2ddc _cBK _n0 |
||
| 999 |
_c1517 _d1517 |
||